Страна, где мы живем

Bibliographic Details
Main Author: Баруздин С. А. Сергей Алексеевич
Other Authors: Лемкуль Ф. (иллюстратор)
Summary:Исключено из фонда НТБ ТПУ
Language:Russian
Published: Москва, Детская литература, 1987
Series:Библиотечная серия
Format: MixedMaterials Book
KOHA link:https://koha.lib.tpu.ru/cgi-bin/koha/opac-detail.pl?biblionumber=154298

MARC

LEADER 00000nam0a2200000 4500
001 154298
005 20231101221744.0
035 |a (RuTPU)RU\TPU\book\167367 
090 |a 154298 
100 |a 20090225d1987 c y0rusy50 ca 
101 0 |a rus 
102 |a RU 
105 |a a z 000ay 
200 1 |a Страна, где мы живем  |f С. А. Баруздин  |g худож. Ф. Лемкуль 
210 |a Москва  |c Детская литература  |d 1987 
215 |a 96 с.  |c ил. 
225 1 |a Библиотечная серия 
333 |a Исключено из фонда НТБ ТПУ 
675 |a Р2  |v 3 
700 1 |a Баруздин  |b С. А.  |c русский писатель  |f 1926-1991  |g Сергей Алексеевич  |2 stltpush  |3 (RuTPU)RU\TPU\pers\8213  |9 1610 
702 1 |a Лемкуль  |b Ф.  |4 440 
801 1 |a RU  |b 63413507  |c 20090225  |g PSBO 
801 2 |a RU  |b 63413507  |c 20221122  |g RCR 
942 |c BK